Industrializace bank
V súčasnej dobe sa pojem "industrializácia" používa ako synonymum pre (re)organizovanie, optimalizovanie, racionalizovanie a využitie nových technológií. Chápanie tohoto pojmu vo finančnom odvetví. Transformačné procesy v bankách. Aktuálne výsledky nemeckých bánk a inštitúcií poskytujúcich finančné...
Gespeichert in:
| 1. Verfasser: | |
|---|---|
| Format: | Buchkapitel |
| Sprache: | Tschechisch |
| Schlagworte: | |
| Tags: |
Keine Tags, Fügen Sie das erste Tag hinzu!
|
MARC
| LEADER | 00000naa$a2200000$$$4500 | ||
|---|---|---|---|
| 001 | 0010730 | ||
| 005 | 20231010083039.6 | ||
| 041 | 0 | |a cze | |
| 044 | |a CZ | ||
| 245 | 1 | 0 | |a Industrializace bank |c aut. Zbyněk Sokolovský |
| 520 | |a V súčasnej dobe sa pojem "industrializácia" používa ako synonymum pre (re)organizovanie, optimalizovanie, racionalizovanie a využitie nových technológií. Chápanie tohoto pojmu vo finančnom odvetví. Transformačné procesy v bankách. Aktuálne výsledky nemeckých bánk a inštitúcií poskytujúcich finančné služby. Prispôsobené stratégie, programy znižovania nákladov a optimalizáciu portfólia charakterizujú transformačné procesy. Kľúčové aspekty industrializácie bánk. | ||
| 610 | 2 | 0 | |a banky |
| 610 | 2 | 0 | |a transformácia |
| 610 | 2 | 0 | |a Nemecko |
| 610 | 2 | 0 | |a služby finančné |
| 610 | 2 | 0 | |a industrializácia |
| 610 | 2 | 0 | |a zmeny štruktúrne |
| 100 | 1 | |a Sokolovský, Zbyněk | |